000 00908nam a22002535i 4500
001 152855
003 ES-MaACL
005 20250701220534.0
008 010910s1902 fr |||| | fre d
040 _aCCPB | B
_bspa
_cCCPB | B
080 _a331.106.24(44)
080 _a327.32(44)
100 1 _aBureau, Paul.
_932600
245 1 3 _aLe contrat de travail
_b: le role des syndicats professionnels /
_cpar Paul Bureau.
260 _aParis :
_bFélix Alcan,
_c1902 (
_eChartres) :
_fDurand)
300 _a276 p. ;
_c21 cm.
490 1 _aBibliothèque générale des sciences sociales ;
_v14
650 4 _aConvenios colectivos-
_zFrancia.
_9147035
650 4 _aMovimiento obrero-
_zFrancia.
_9147036
830 0 0 _aBibliothèque générale des sciences sociales
_v14
_9187778
852 _aES-MaACL
_jD-5009
_z-- Enc. ed. en tela
852 _aES-MaACL
_jC-23094
999 _c152855
_d152855